000 01731cam a22005054i 4500
003 PE-LiUPU
005 20250731165634.0
008 150616s r 000 0 d
020 _a0804231095
035 _a(Sirsi) i9780804231091
040 _aPE-LiUPU
_bspa
_cPE-LiUPU
_erda
049 _aPRUA
082 0 4 _a221.077
_b11,12/I
_221
100 1 _aNelson, Richard D.,
_eautor.
245 1 0 _aFirst and Second Kings /
_cRichard D. Nelson.
264 1 _aLousville :
_bJohn Knox Press,
_c1987.
300 _a273páginas ;
_c23 centímetros
336 _atext
_2rdacontent
337 _aunmediated
_2rdamedia
338 _avolume
_2rdacarrier
490 0 _aInterpretation A Bible Comment. for Teaching and Preachin
505 0 _aComentarios de 1,2 de Reyes.
526 _aSEG44
526 _aSEG26
526 _aP151
526 _aP150
526 _aP149
526 _aP146
526 _aP145
526 _aP126
526 _aP125
526 _aP92
526 _aP75
526 _aP74
526 _aP27
526 _aP15
630 _aBiblia.
_pA.T.
_pReyes I, II
_xComentarios.
910 _ajck
_bjvq
_cjck
942 _2ddc
_cBOOK
949 _aRC 221.077 11,12/I
_wDEWEY
_c1
_i40039
_lCCODEBUL1
_mBUL
_r0
_sY
_tBOOK
_u2015-6-16
_xTEOLOGIA
_zUNKNOWN
_0COMPRA
_o.CIRCNOTE. No olvidar cambiar la fecha de devolución!!!!!!!
_o.STAFF. Colección General
994 _aC0
_bPEPRU
596 _a1
999 _aRC 221.077 11,12/I
_wDEWEY
_c57820
_i40039
_f2021-11-8
_g6
_lCCODEBUL1
_mBUL
_r1
_sY
_tBOOK
_u2015-6-16
_xTEOLOGIA
_zUNKNOWN
_0COMPRA
_o.CIRCNOTE. No olvidar cambiar la fecha de devolución!!!!!!!
_o.STAFF. Colección General
_d57820
980 _81
_gALBERTO SANCHEZ Responsable de Automatización